000 00693nam a2200241Ia 4500
003 OSt
005 20221006145328.0
006 a|||||r|||| 00| 0
007 ta
008 221006b |||||||| |||| 00| 0 eng d
020 _cP40.00
024 _a14,477
037 _cTextual
040 _aEASL
_cEASL
_beng
041 _2eng
_aeng
082 _aO41.N38, N1
100 _aWONG Wang-chi
_9654142
245 0 _aPolitics and literature in Shanghai
_b The Chinese league of left-wing writers, 1930-1936
260 _aManchester
_bManchester University Press
_c1991
300 _a254p.
_ccm.
942 _hO41.N38, N1
_cTEXL
_2CC
999 _c1082563
_d1082563